<?xml version="1.0" encoding="UTF-8"?>
<record
    xmlns:xsi="http://www.w3.org/2001/XMLSchema-instance"
    xsi:schemaLocation="http://www.loc.gov/MARC21/slim http://www.loc.gov/standards/marcxml/schema/MARC21slim.xsd"
    xmlns="http://www.loc.gov/MARC21/slim">

  <leader>02324nam a2200337 a 4500</leader>
  <controlfield tag="001">001556165</controlfield>
  <controlfield tag="003">AR-BeUNQ</controlfield>
  <controlfield tag="005">20231004152420.0</controlfield>
  <controlfield tag="007">ta</controlfield>
  <controlfield tag="008">230629s2021    ag     gr     001 f spa  </controlfield>
  <datafield tag="015" ind1=" " ind2=" ">
    <subfield code="a">AR-2021</subfield>
  </datafield>
  <datafield tag="020" ind1=" " ind2=" ">
    <subfield code="a">9789876285995</subfield>
  </datafield>
  <datafield tag="040" ind1=" " ind2=" ">
    <subfield code="a">AR-BaBN</subfield>
    <subfield code="b">spa</subfield>
    <subfield code="c">AR-BaBN</subfield>
    <subfield code="e">aacr</subfield>
    <subfield code="d">AR-BeUNQ</subfield>
  </datafield>
  <datafield tag="044" ind1=" " ind2=" ">
    <subfield code="a">ag</subfield>
    <subfield code="c">ar-c</subfield>
  </datafield>
  <datafield tag="082" ind1=" " ind2=" ">
    <subfield code="a">Ar 863</subfield>
    <subfield code="2">21</subfield>
  </datafield>
  <datafield tag="100" ind1="1" ind2=" ">
    <subfield code="a">Jeanmaire, Federico,</subfield>
    <subfield code="d">1957-</subfield>
    <subfield code="e">aut.</subfield>
    <subfield code="4">auth.</subfield>
    <subfield code="9">4465</subfield>
  </datafield>
  <datafield tag="245" ind1="1" ind2="0">
    <subfield code="a">M&#xE1;s liviano que el aire /</subfield>
    <subfield code="c">Federico Jeanmaire.</subfield>
  </datafield>
  <datafield tag="250" ind1=" " ind2=" ">
    <subfield code="a">1a ed. especial</subfield>
  </datafield>
  <datafield tag="260" ind1=" " ind2=" ">
    <subfield code="a">Ciudad Aut&#xF3;noma de Buenos Aires :</subfield>
    <subfield code="b">Edhasa,</subfield>
    <subfield code="c">2021.</subfield>
  </datafield>
  <datafield tag="300" ind1=" " ind2=" ">
    <subfield code="a">245 p. ;</subfield>
    <subfield code="c">23 cm.</subfield>
  </datafield>
  <datafield tag="500" ind1=" " ind2=" ">
    <subfield code="a">Colecci&#xF3;n Literaria para el Nivel Secundario del Plan Nacional de Lecturas del Ministerio de Educaci&#xF3;n de la Naci&#xF3;n.</subfield>
  </datafield>
  <datafield tag="520" ind1="3" ind2=" ">
    <subfield code="a">Un exceso de confianza conden&#xF3; al ladr&#xF3;n. O quiz&#xE1;s, el &#xED;mpetu de la adolescencia. Tiene apenas catorce a&#xF1;os, y la anciana a la que pretende robar mientras ingresa a su casa, noventa y tres. En principio, nada puede salir mal. Pero sale mal. Cuando el joven se quiere dar cuenta, est&#xE1; encerrado en el ba&#xF1;o, con la anciana al otro lado de la puerta. Ahora tendr&#xE1; que escuchar la historia de una vida que llega a su final, la memoria de una vida solitaria, como todas cuando la muerte acecha. Contra su deseo, ser&#xE1; todo o&#xED;do. Su voz no cuenta. A esa mujer le lleg&#xF3; la hora de hablar y ser escuchada. Empieza la funci&#xF3;n. Hay para un buen rato. Los lectores, largamente agradecidos. (&#x2026;) Es una par&#xE1;bola magistral: un fracasado intento de robo le permite a una mujer redimir su vida, la de su madre y su padre, ajustar las cuentas. Podr&#xE1; poner en palabras, de una vez y para siempre, su punto de vista, sus ideas, sus amores y desamores, lo trivial y lo capital. Eso que pica y pica en la cabeza y nunca nadie quiere escuchar entero. &#xBF;No es el acoso el sue&#xF1;o que todos tenemos? Aqu&#xED; se cumple.</subfield>
    <subfield code="c">(Descripci&#xF3;n del editor).</subfield>
  </datafield>
  <datafield tag="586" ind1=" " ind2=" ">
    <subfield code="a">Premio Clar&#xED;n de Novela, 2009.</subfield>
  </datafield>
  <datafield tag="650" ind1=" " ind2="7">
    <subfield code="a">Literatura juvenil</subfield>
    <subfield code="2">tell</subfield>
  </datafield>
  <datafield tag="650" ind1=" " ind2="7">
    <subfield code="a">Literaura argentina</subfield>
    <subfield code="2">tell</subfield>
  </datafield>
  <datafield tag="650" ind1=" " ind2="7">
    <subfield code="a">Novelas</subfield>
    <subfield code="2">tell</subfield>
  </datafield>
  <datafield tag="751" ind1=" " ind2=" ">
    <subfield code="a">Buenos Aires</subfield>
    <subfield code="e">lugar de publicaci&#xF3;n</subfield>
    <subfield code="4">pup</subfield>
  </datafield>
  <datafield tag="929" ind1=" " ind2=" ">
    <subfield code="a">DONACION</subfield>
    <subfield code="b">Ministerio de Educaci&#xF3;n de la Naci&#xF3;n</subfield>
    <subfield code="d">1300</subfield>
    <subfield code="e">202112</subfield>
    <subfield code="h">1</subfield>
    <subfield code="j">58833</subfield>
  </datafield>
  <datafield tag="929" ind1=" " ind2=" ">
    <subfield code="b">Ministerio de Educaci&#xF3;n de la Naci&#xF3;n</subfield>
    <subfield code="d">300</subfield>
    <subfield code="e">20230629</subfield>
    <subfield code="f">PAT0080202</subfield>
    <subfield code="h">2</subfield>
    <subfield code="j">61349</subfield>
  </datafield>
  <datafield tag="942" ind1=" " ind2=" ">
    <subfield code="c">LIB</subfield>
    <subfield code="n">0</subfield>
    <subfield code="2">ddc</subfield>
  </datafield>
  <datafield tag="999" ind1=" " ind2=" ">
    <subfield code="c">940</subfield>
    <subfield code="d">940</subfield>
  </datafield>
  <datafield tag="952" ind1=" " ind2=" ">
    <subfield code="0">0</subfield>
    <subfield code="1">0</subfield>
    <subfield code="a">BIBESET</subfield>
    <subfield code="b">BIBESET</subfield>
    <subfield code="c">circulacion</subfield>
    <subfield code="d">2023-07-21</subfield>
    <subfield code="o">Ar 863 JEA</subfield>
    <subfield code="p">61349</subfield>
    <subfield code="r">2023-07-21</subfield>
    <subfield code="t">2</subfield>
    <subfield code="y">LIB</subfield>
    <subfield code="k">GS</subfield>
  </datafield>
  <datafield tag="952" ind1=" " ind2=" ">
    <subfield code="0">0</subfield>
    <subfield code="1">0</subfield>
    <subfield code="a">BIBESET</subfield>
    <subfield code="b">BIBESET</subfield>
    <subfield code="c">circulacion</subfield>
    <subfield code="d">2022-03-03</subfield>
    <subfield code="o"> Ar 863 JEA</subfield>
    <subfield code="p">58833</subfield>
    <subfield code="r">2023-10-04</subfield>
    <subfield code="t">1</subfield>
    <subfield code="y">LIB</subfield>
  </datafield>
</record>
